| 000 | 00948nam a22002057a 4500 | ||
|---|---|---|---|
| 008 | 230810s2023 xxk|||||o|||| 00| 0 chi d | ||
| 041 | _aeng | ||
| 110 | _aRoyal Institution of Chartered Surveyors | ||
| 245 |
_aRICS 中国商业地产 领袖论坛 _h[Electronic resource] |
||
| 260 |
_aLondon, _bRoyal Institution of Chartered Surveyors, _cJuly 2023 |
||
| 300 | _a8p. | ||
| 490 | _aRICS Insights | ||
| 500 | _aAPAC Q1 2023 China Commercial Property Leaders' Forum Insights | ||
| 520 | _aInsights report from the Q1 2023 China Commercial Property Leaders' Forum, written in Mandarin. | ||
| 651 | _aChina | ||
| 690 |
_96227 _aCommercial property |
||
| 710 | _aRoyal Institution of Chartered Surveyors | ||
| 856 |
_uhttps://www.rics.org/content/dam/ricsglobal/documents/reports/6.15RICS%E5%95%86%E4%B8%9A%E5%9C%B0%E4%BA%A7%E9%A2%86%E8%A2%96%E8%AE%BA%E5%9D%9B%E4%BC%9A%E8%AE%AE%E6%8A%A5%E5%91%8A.pdf _zAvailable free on RICS.org |
||
| 942 | _n0 | ||
| 999 |
_c121639 _d121639 |
||